Encyclopaedia of educational psychology (Record no. 32019)

MARC details
000 -LEADER
fixed length control field 01611cam a2200289 a 4500
005 - DATE AND TIME OF LATEST TRANSACTION
control field 20091121122244.0
008 - FIXED-LENGTH DATA ELEMENTS--GENERAL INFORMATION
fixed length control field 000504s2000 nik 000 0 eng d
010 ## - LCCN (DPL NO)
LC control number ENG-95538-41
020 ## - INTERNATIONAL STANDARD BOOK NUMBER
International Standard Book Number 9788131306154 (Set of 4 Vols.)
Terms of availability 2800.00 (V. I , II, III, & IV)
035 ## - SYSTEM CONTROL NUMBER
System control number EN-79071-74
037 ## - SOURCE OF ACQUISITION
Source of stock number/acquisition DBAD/PUB
040 ## - CATALOGING SOURCE
Original cataloging agency DPL
100 ## - MAIN ENTRY--PERSONAL NAME
Personal name Mishra, R, C.
245 ## - TITLE STATEMENT
Title Encyclopaedia of educational psychology
Statement of responsibility, etc by R.C. Mishra
260 ## - PUBLICATION, DISTRIBUTION, ETC. (IMPRINT)
Place of publication, distribution, etc New Delhi
Name of publisher, distributor, etc APH. Publishing corporation
Date of publication, distribution, etc 2009
270 ## - ADDRESS
Address 4435-36/7 Ansari Road, Darya Ganj
City New Delhi
Postal code 110002
300 ## - PHYSICAL DESCRIPTION
Extent 4v (279p. ; 279p. ; 286 p. ; 275p. )
Dimensions 22 cm.(Hb)
500 ## - GENERAL NOTE
General note It is a set of 4 vols. and set price is Rs. 2800.00
505 ## - FORMATTED CONTENTS NOTE
Formatted contents note V.- I. Educational Psychology. - V.II Advanced educational Psychology. - V.III Developmental Psychology. - V. IV Child Psychology
942 ## - ADDED ENTRY ELEMENTS (KOHA)
Source of classification or shelving scheme Dewey Decimal Classification
Item type English Books
Call number suffix MIS
Holdings
Withdrawn status Lost status Source of classification or shelving scheme Materials specified (bound volume or other part) Damaged status Not for loan Collection code Home library Current library Date acquired Source of acquisition Cost, normal purchase price Total Checkouts Full call number Barcode Date last seen Copy number Cost, replacement price Koha item type Public note
    Dewey Decimal Classification v.- 1   Not For Loan Non-fiction D.B.Act.Division D.B.Act.Division 21/11/2009 DBAD / PUB 2800.00   MIS EN-79071 21/11/2009 1 2800.00 English Books v.- 1
    Dewey Decimal Classification v.- 2   Not For Loan Non-fiction D.B.Act.Division D.B.Act.Division 21/11/2009 DBAD / PUB 2800.00   MIS EN-79072 21/11/2009 1 2800.00 English Books v.- 2
    Dewey Decimal Classification v.- 3   Not For Loan Non-fiction D.B.Act.Division D.B.Act.Division 21/11/2009 DBAD / PUB 2800.00   MIS EN-79073 21/11/2009 1 2800.00 English Books v.- 3
    Dewey Decimal Classification v.- 4   Not For Loan Non-fiction D.B.Act.Division D.B.Act.Division 21/11/2009 DBAD / PUB 2800.00   MIS EN-79074 21/11/2009 1 2800.00 English Books v.- 4

© Delhi Public Library
Hit Counter
free hit counter